000 00595aas a2200217 4500
999 _c4919
_d4919
003 BR-BrBNA
005 20230317234340.0
007 ta
008 230119b bl ||||| |||| 00| 0 por d
035 _a000485-5
040 _aBR-BrBNA
_bPor
_cBR-BrBNA
042 _aN
044 _abl
245 _aFAO Documento Técnico Sobre Pesca
_bFAO
_cOrganização das Nacões Unidas para Agricultura e Alimentação
260 _aSantiago, CL
_bFAO
_eCL
310 _aperiodicidade desconchecida
505 _a2005 (462);
650 1 2 _gAnálise de Risco; Pesca
909 _a56
_bSergio Santos
_c56
_dSergio Santos
942 _cCR
_2AGRIS